000 00404nam a2200157Ia 4500
008 230711s9999||||xx |||||||||||||| ||und||
041 _aENG
082 _a624
_bSE-H
100 _aSehgal,S. B
245 2 _aA text book on highway engineering and airports
250 _a3rd Ed.
260 _c1986
_aNew Delhi
_bS.Chand & Company Ltd
650 _aCivil Engineering
700 _aBhanot,K. L
942 _cBK
999 _c2263
_d2263